Medzinárodný menový fond v súčasnom nestabilnom ekonomickom vývoji vo svete dizertačná práca

Saved in:
Bibliographic Details
Main Author: Kováčová, Jana
Corporate Author: Národohospodárska fakulta EU. Katedra bankovníctva a medzinárodných financií
Other Authors: Makúch, Jozef, 1953-
Format: Book
Language:Slovak
Published: Bratislava 2016
Subjects:
Tags: Add Tag
No Tags, Be the first to tag this record!

MARC

LEADER 00000nbm a2200000 4500
001 0221421
005 20240502073633.9
041 0 |a slo 
044 |a SK 
245 1 0 |a Medzinárodný menový fond v súčasnom nestabilnom ekonomickom vývoji vo svete  |b dizertačná práca  |c Jana Kováčová ; školiteľ: Jozef Makúch 
264 1 |a Bratislava  |c 2016 
300 |a 132 s. 
610 2 0 |a Medzinárodný menový fond 
610 2 0 |a politika úverová 
610 2 0 |a vývoj hospodársky 
610 2 0 |a reformy hospodárske 
610 2 0 |a stabilita finančná 
610 2 0 |a stabilita hospodárstva 
100 1 |a Kováčová, Jana 
700 1 |a Makúch, Jozef, 1953- 
710 2 |a Národohospodárska fakulta EU. Katedra bankovníctva a medzinárodných financií